| 000 | 00714nam a2200217 i 4500 | ||
|---|---|---|---|
| 001 | 13276 | ||
| 003 | ES-MaACL | ||
| 005 | 20231218195838.0 | ||
| 007 | t| | ||
| 008 | 980121s1997 sp a ||||1| spa d | ||
| 020 | _a84-7880-741-1 | ||
| 080 | _a946.0"1931/39"(093.3) | ||
| 100 | 1 |
_aCarabias, Josefina, _d1908-1980 _934924 |
|
| 245 | 1 | 0 |
_aCrónicas de la República : _bdel optimismo de 1931 a las vísperas de la tragedia de 1936 / _cJosefina Carabias. |
| 250 | _a1ª ed. | ||
| 260 |
_aMadrid : _bTemas de Hoy, _c1997. |
||
| 300 |
_a271 p. : _bil. ; _c24 cm. |
||
| 651 | 4 |
_aEspaña- _xHistoria- _y1931-1939, II República- _vRelatos personales. _98290 |
|
| 852 | 4 |
_aES-MaACL _jL-20663 |
|
| 999 |
_c13276 _d13276 |
||